| 000 | 01150cab a22001935a 4500 | ||
|---|---|---|---|
| 001 | L157238 | ||
| 008 | 121003e2012 xxk 000 0 eng d | ||
| 035 | _a(Sirsi) u157238 | ||
| 041 | 0 | _aeng | |
| 100 | 1 | _aWilding, Mark | |
| 245 | 0 | 0 | _aIt gets worse... |
| 260 | _c2012 | ||
| 490 | 0 |
_aProperty Week _v78(39) 28 September 2012 Sheds Supplement, 19-20(2) |
|
| 520 | _aGerald Eve's latest multi-let industrial report forecasts a drop in the multi-let market before a recovery in 2013. Total return for standard industrial is predicted to be 2.7% in 2012. Some regions are faring better than others: the south-east, Bristol and Northampton are doing well. Graphics show total returns falling, overall churn increasing, lease lengths getting shorter, void rates declining, and rental growth reducing. Wholesale accounts are more dominant in the south of the UK with northern regions more exposed to general manufacturing tenancies. 2011 rents appeared strong compared with 2010. Prime and secondary property both provided strong returns in 2011. | ||
| 590 | _aKA | ||
| 651 | 4 | _aUnited Kingdom | |
| 690 |
_aCommercial property _96227 |
||
| 942 | _n0 | ||
| 999 |
_c84309 _d84309 |
||